[Event "UKR-ch"]
[Site "Lvov"]
[Date "1988.??.??"]
[Round "10"]
[White "Neverov, Valeriy"]
[Black "Moroz, Alexander"]
[Result "1-0"]
[WhiteElo "2440"]
[BlackElo "2285"]

1.Nf3 d5 2.c4 e6 3.g3 dxc4 4.Na3 a6 5.Nxc4 b5 6.Nce5 f6 7.Ng4 e5 8.Ne3 Nh6
9.Bg2 e4 10.Ng1 Bb7 11.d3 Bb4+ 12.Bd2 Qe7 13.Nh3 Ra7 14.O-O exd3 15.Bxb7 Bxd2
16.Qxd2 Rxb7 17.Qxd3 c6 18.Nf4 O-O 19.Qb3+ Kh8 20.Rac1 c5 21.Nfd5 Qd6 22.Rfd1 Rd7
23.Qa3 c4 24.Qa5 Qe5 25.Nc3 f5 26.Nxc4 Qe6 27.Qa3 Qf7 28.Ne5 Rxd1+ 29.Rxd1 Qe8
30.Nd5 Kg8 31.Ne7+ Kh8 32.N5g6+ hxg6 33.Nxg6+ Qxg6 34.Qxf8+ Kh7 35.Qxb8 Qh5
36.f3 Qf7 37.b3 Qe7 38.Kf1 Qa3 39.Qe8 Qxa2 40.Rd8 Qa1+ 41.Kg2 Qf6 42.Rd7 Qb2
43.Qe6 a5 44.Rb7 b4 45.h4 Qd4 46.h5 Qb2 47.Rb8  1-0

[Event "Lyngby op"]
[Site "Lyngby"]
[Date "1988.??.??"]
[Round "6"]
[White "Szekely, Peter"]
[Black "Iskov, Gert"]
[Result "1/2-1/2"]
[WhiteElo "2420"]
[BlackElo "2325"]

1.Nf3 d5 2.c4 dxc4 3.Qa4+ c6 4.Qxc4 Nf6 5.g3 g6 6.b3 Bg7 7.Bb2 O-O 8.Bg2 Qa5
9.O-O Qh5 10.d3 Nbd7  1/2-1/2

[Event "Lyngby op"]
[Site "Lyngby"]
[Date "1988.??.??"]
[Round "8"]
[White "Szekely, Peter"]
[Black "Oim, Tonu"]
[Result "1/2-1/2"]
[WhiteElo "2420"]
[BlackElo "2405"]

1.Nf3 d5 2.c4 Nf6 3.g3 e6 4.Bg2 dxc4 5.Qa4+ Nbd7 6.Qxc4 a6 7.Qc2 c5 8.Nc3 e5
9.O-O Be7 10.d3 O-O  1/2-1/2

[Event "Mendrisio op"]
[Site "Mendrisio"]
[Date "1988.??.??"]
[Round "7"]
[White "Balenovic, Zvonimir"]
[Black "Rogers, Ian"]
[Result "0-1"]
[WhiteElo "2325"]
[BlackElo "2540"]

1.Nf3 d5 2.c4 d4 3.g3 Nc6 4.d3 e5 5.Bg2 Bb4+ 6.Nbd2 a5 7.a3 Be7 8.O-O Nf6
9.b3 O-O 10.Bb2 Bf5 11.Nh4 Be6 12.Qc2 Qd7 13.Rfb1 Bh3 14.Bh1 Nh5 15.Nhf3 Nf4
16.Nf1 Ne6 17.Bc1 f6 18.Bd2 Ra7 19.b4 axb4 20.axb4 Rxa1 21.Rxa1 Bxb4 22.Qb2 Bxd2
23.N3xd2 b6 24.Nb3 Kh8 25.Nfd2 Bg4 26.Kf1 Nb4 27.Nc1 Nc6 28.Qb5 Nb8 29.Qb4 Rd8
30.Ncb3 Bh3+ 31.Ke1 h6 32.c5 Qe7 33.Qb5 bxc5 34.Ra8 Nd7 35.Rxd8+ Nxd8 36.Bc6 c4
37.Nxc4 Nxc6 38.Qxc6 Nb6 39.Ncd2 Qd7 40.Qc5 Qd5 41.Qf8+ Kh7 42.f3 Bf5 43.g4 Bg6
44.Nc5 h5 45.h3 Qg8 46.Qe7 Nd5 47.Qd7 Qf7 48.Qc8 Qe8 49.Qb7 Bf7 50.Nce4 h4
51.Kf2 Qd8 52.Kf1 Nf4 53.Nf2 Bd5 54.Qa7 Qd6  0-1

[Event "Montpellier"]
[Site "Montpellier"]
[Date "1988.??.??"]
[Round "11"]
[White "Bischoff, Klaus"]
[Black "Illescas Cordoba, Miguel"]
[Result "1/2-1/2"]
[WhiteElo "2465"]
[BlackElo "2495"]

1.Nf3 d5 2.c4 e6 3.d4 c5 4.cxd5 exd5 5.g3 Nf6 6.Bg2 Be7 7.O-O O-O 8.Nc3 Nc6
9.Be3 Ng4 10.Bf4 Be6 11.dxc5 Bxc5 12.Ne1 Bd4 13.Nd3 h6 14.Rc1 a6 15.Na4  1/2-1/2

[Event "Moscow-B"]
[Site "Moscow"]
[Date "1988.??.??"]
[Round "?"]
[White "Kochyev, Alexander"]
[Black "Khenkin, Igor"]
[Result "1-0"]
[WhiteElo "2480"]
[BlackElo "2340"]

1.Nf3 d5 2.c4 e6 3.d4 Nf6 4.g3 c5 5.Bg2 Nc6 6.O-O Be7 7.dxc5 Bxc5 8.a3 a5
9.cxd5 exd5 10.Bg5 O-O 11.Nc3 d4 12.Ne4 Be7 13.Bxf6 Bxf6 14.Qd2 Bf5 15.Nxf6+ Qxf6
16.Qf4 d3 17.exd3 Rad8 18.Rfe1 Rxd3 19.Rad1 Qd8 20.Rxd3 Qxd3 21.Bf1 Qc2 22.b4 axb4
23.axb4 Bc8 24.b5 Nd8 25.Rc1 Qf5 26.Qxf5 Bxf5 27.Nd4 Be4 28.Rc7 Ne6 29.Nxe6 fxe6
30.Bc4 Re8 31.f4 Kf8 32.Kf2 Re7 33.Rc8+ Re8 34.Rxe8+ Kxe8 35.Bxe6 Ke7 36.Ke3 Bc2
37.Bc4 Kd6 38.Kd4 b6 39.g4 h6 40.h4 Bd1 41.g5 Bg4 42.Bd3 Bf3 43.Bc4 Bb7 44.f5 hxg5
45.hxg5  1-0

[Event "URS-ch55"]
[Site "Moscow"]
[Date "1988.??.??"]
[Round "?"]
[White "Salov, Valery"]
[Black "Kharitonov, Andrei Y"]
[Result "1/2-1/2"]
[WhiteElo "2625"]
[BlackElo "2550"]

1.Nf3 d5 2.c4 e6 3.g3 dxc4 4.Qa4+ Nd7 5.Qxc4 a6 6.Bg2 b5 7.Qb3 Bb7 8.O-O Ngf6
9.d3 Be7 10.Nc3 c5 11.Ng5 Bxg2 12.Kxg2 Qb6 13.f3 O-O 14.Nge4 Rac8 15.Be3 Qc6
16.Rac1 Qa8 17.Rfd1 Nd5 18.Bf2 Rfd8 19.a4 c4 20.dxc4 bxc4 21.Qc2 Nc5 22.Nxd5 exd5
23.Nxc5 Bxc5 24.Bxc5 Rxc5 25.Rd4 Re8 26.Rcd1 Qb7 27.R1d2 h6 28.Qf5 Qc6 29.h4 Qxa4
30.Rxd5 Rxd5 31.Qxd5 Qb5 32.e4 Qxd5 33.exd5 Kf8 34.Kf2 Re5 35.Rd4 Ke7 36.f4 Rh5
37.Kf3 Kd6 38.Ke4 f5+ 39.Kf3 g5 40.hxg5 hxg5  1/2-1/2

[Event "Munich"]
[Site "Munich"]
[Date "1988.??.??"]
[Round "?"]
[White "Bischoff, Klaus"]
[Black "Hertneck, Gerald"]
[Result "1-0"]
[WhiteElo "2465"]
[BlackElo "2465"]

1.Nf3 d5 2.c4 c6 3.e3 Nd7 4.Nc3 Ngf6 5.d4 a6 6.cxd5 cxd5 7.Ne5 e6 8.f4 Bb4
9.Bd3 Nxe5 10.fxe5 Nd7 11.O-O O-O 12.Bd2 f5 13.Ne2 Bxd2 14.Qxd2 Nb8 15.Rf2 Nc6
16.Raf1 Bd7 17.h3 Qe7 18.a3 Rac8 19.Nf4 Nd8 20.g4 Bc6 21.Kh1 Rc7 22.Rg1 fxg4
23.Rxg4 Be8 24.Rfg2 Kh8 25.Rg1 Rg8 26.Qe1 Nf7 27.Bxh7  1-0

[Event "Myslenice"]
[Site "Myslenice"]
[Date "1988.??.??"]
[Round "1"]
[White "Sliwa, Bogdan"]
[Black "Kostyra, Stanislaw"]
[Result "0-1"]
[WhiteElo "2280"]
[BlackElo "2360"]

1.Nf3 d5 2.c4 dxc4 3.e3 e6 4.Bxc4 c5 5.O-O Nf6 6.Nc3 a6 7.a4 Nc6 8.d4 cxd4
9.exd4 Be7 10.Bf4 Nb4 11.Qe2 O-O 12.Rfe1 Bd7 13.Bb3 Bc6 14.Rad1 Nbd5 15.Bg5 Qa5
16.Nxd5 Bxd5 17.Bxd5 Nxd5 18.Bxe7 Nxe7 19.b3 Rad8 20.Rc1 Rd5 21.Rc4 Nc6 22.Qe3 Rfd8
23.h4 Qb6 24.Rec1 h6 25.Rc5 Ne7 26.a5 Qd6 27.Rxd5 Nxd5 28.Qd3 Nb4 29.Qc3 Na2  0-1

[Event "URS-chT"]
[Site "Naberezhnie Chelni"]
[Date "1988.??.??"]
[Round "?"]
[White "Panchenko, Alexander N"]
[Black "Vaisser, Anatoli"]
[Result "1/2-1/2"]
[WhiteElo "2475"]
[BlackElo "2530"]

1.Nf3 d5 2.c4 e6 3.b3 Nf6 4.g3 a5 5.Ba3 Bxa3 6.Nxa3 Qe7 7.Nc2 O-O 8.Bg2 c6
9.d4 b6 10.O-O Nbd7 11.Nd2 Bb7 12.e4 Nxe4 13.Nxe4 dxe4 14.Bxe4 Nf6 15.Bf3 c5
16.Qe2 Bxf3 17.Qxf3 cxd4 18.Nxd4  1/2-1/2

[Event "URS-chT"]
[Site "Naberezhnie Chelni"]
[Date "1988.??.??"]
[Round "?"]
[White "Gurevich, Mikhail"]
[Black "Bagirov, Vladimir"]
[Result "1/2-1/2"]
[WhiteElo "2630"]
[BlackElo "2465"]

1.Nf3 d5 2.c4 c6 3.e3 Nf6 4.Nc3 Bg4 5.cxd5 Bxf3 6.Qxf3 cxd5 7.Bb5+ Nc6 8.O-O Rc8
9.b3 e6 10.Bb2 a6 11.Bxc6+ Rxc6 12.Rac1 Be7 13.Na4 Rxc1 14.Rxc1 O-O 15.Qf4 Ne8
16.Nc5 Bxc5 17.Rxc5 f6 18.Qg4 Qd7 19.Ba3 Rf7 20.Rc2 Nc7 21.h4 e5 22.Qb4 Nb5
23.Bb2 Na7  1/2-1/2

[Event "Naestved op"]
[Site "Naestved"]
[Date "1988.??.??"]
[Round "2"]
[White "Bang, Andreas"]
[Black "Hector, Jonny"]
[Result "1/2-1/2"]
[WhiteElo "2280"]
[BlackElo "2435"]

1.Nf3 d5 2.c4 c6 3.d4 Nf6 4.Nc3 e6 5.Bg5 Nbd7 6.Qc2 h6 7.Bxf6 Nxf6 8.e3 Bd6
9.O-O-O Qa5 10.Kb1 Bd7 11.e4 Nxe4 12.Nxe4 dxe4 13.Qxe4 O-O-O 14.c5 Be7 15.Ne5 Be8
16.Bc4 Kb8 17.Rhe1 Qc7 18.f4 h5 19.f5 exf5 20.Qxf5 Bh4 21.g3 Bf6 22.h3 Bd7
23.Qf2 Bxe5 24.dxe5 Rhf8 25.h4 Be6 26.Bxe6 fxe6 27.Qe2 Rd5 28.Qxh5 Rxc5 29.Rf1 Rd8
30.Qg5 Rc8 31.Qg6 Qxe5 32.Rfe1 Qc7 33.Rxe6 Rd5 34.Rde1  1/2-1/2

[Event "Naleczow"]
[Site "Naleczow"]
[Date "1988.??.??"]
[Round "6"]
[White "Andonov, Bogomil"]
[Black "Paunovic, Tomislav"]
[Result "1-0"]
[WhiteElo "2415"]
[BlackElo "2420"]

1.Nf3 d5 2.c4 dxc4 3.Qa4+ Qd7 4.Qxc4 Qc6 5.Na3 Qxc4 6.Nxc4 c5 7.d4 e6 8.Bf4 Nc6
9.dxc5 Bxc5 10.Rc1 Ke7 11.a3 a5 12.Nce5 Bd6 13.Nxc6+ bxc6 14.Bxd6+ Kxd6 15.Rd1+ Kc7
16.Ne5 Nh6 17.Rc1 Bb7 18.e3 f6 19.Nd3 Nf7 20.Nc5 Bc8 21.Bc4 Re8 22.O-O Nd6
23.Bb3 Nb7 24.Nd3 e5 25.Ba4 Ra6 26.Rc3 Bf5 27.Rfc1 Bxd3 28.Rxd3 Rd8 29.Rdc3 Rd6
30.Kf1 Nd8 31.Ke2 Rb6 32.R1c2 Ne6 33.Rc4 Nf8 34.Rc5 Ra6 35.Bb5 Nd7 36.R5c3 Rb6
37.Bd3 g6 38.g4 Rb8 39.Rc4 Nb6 40.Rc5 Na4 41.Rxa5 Nxb2 42.Be4 Nd1 43.Ra7+ Kb6
44.Rxh7 Ra8 45.Bxc6 Rc8 46.Rb7+ Ka5 47.Rb5+ Ka4 48.Rb8+ Rcxc6 49.Rxc6 Rxc6
50.Ra8+ Kb3 51.Kxd1 Kc4 52.Ke2 g5 53.Kf3 Kd5 54.a4 e4+ 55.Kg3 Re6 56.a5 Kc5
57.h4 gxh4+ 58.Kxh4 Kb5 59.Kg3  1-0

[Event "National op"]
[Site "?"]
[Date "1988.??.??"]
[Round "?"]
[White "Rohde, Michael A"]
[Black "Lein, Anatoly"]
[Result "1-0"]
[WhiteElo "2555"]
[BlackElo "2475"]

1.Nf3 d5 2.c4 e6 3.d4 Nf6 4.Nc3 Be7 5.Bg5 O-O 6.e3 Nbd7 7.cxd5 exd5 8.Qc2 c6
9.Bd3 Re8 10.O-O Nf8 11.Rae1 Ne4 12.Bxe7 Qxe7 13.Bxe4 dxe4 14.Nd2 f5 15.d5 Rd8
16.dxc6 bxc6 17.Nc4 Be6 18.Qa4 Bxc4 19.Qxc4+ Qe6 20.Qa4 Nd7 21.Rd1 Rdb8 22.Ne2 Ne5
23.b3 a5 24.Nf4 Qe7 25.Qd4 a4 26.Rc1 axb3 27.axb3 Re8 28.Rc5 Rad8 29.Qc3 Rd6
30.b4 Rh6 31.b5 cxb5 32.Qb3+ Kh8 33.Qxb5 Rd6 34.h3 g6 35.Rfc1 Nd7 36.Rd5 Rb8
37.Qa4 Rxd5 38.Nxd5 Qd6 39.Nf4 Nf8 40.Rd1 Qe7 41.Qd4+ Qg7 42.Qd6 Re8 43.Rc1 Qe5
44.Qc6 Kg7 45.Rc5 Qe7 46.Nd5 Qf7 47.Rb5 Rd8 48.Nf4 Qd7 49.Rb7  1-0

[Event "SWE-ch"]
[Site "Norrkoeping"]
[Date "1988.??.??"]
[Round "?"]
[White "Akesson, Ralf"]
[Black "Renman, Nils Gustaf"]
[Result "0-1"]
[WhiteElo "2445"]
[BlackElo "2425"]

1.Nf3 d5 2.c4 e6 3.g3 Nf6 4.Bg2 Be7 5.O-O O-O 6.b3 c5 7.e3 Nbd7 8.Bb2 b6
9.Nc3 Bb7 10.Qe2 Ne4 11.cxd5 exd5 12.d4 Bf6 13.Rac1 Qe7 14.Rfd1 Rfd8 15.dxc5 Ndxc5
16.Nd4 Ba6 17.Qh5 g6 18.Qf3 Rac8 19.h4 Bg7 20.Ba1 Qe8 21.Bh3 f5 22.Bxf5 gxf5
23.Nxf5 Ne6 24.Nxe4 dxe4 25.Qg4 h5 26.Qxe4 Rxc1 27.Rxc1 Bd3 28.Qf3 Bxa1 29.Rxa1 Bxf5
30.Qxf5 Qf7 31.Qe5 Rd2 32.Rf1 Rxa2 33.f4 Nf8 34.f5 Nd7 35.Qf4 Qf6 36.Qc4+ Kg7
37.Qc7 Rd2 38.e4 Qd4+  0-1

[Event "Pau"]
[Site "Pau"]
[Date "1988.??.??"]
[Round "2"]
[White "Spiridonov, Nikola"]
[Black "Villeneuve, Alain"]
[Result "1-0"]
[WhiteElo "2420"]
[BlackElo "2365"]

1.Nf3 d5 2.c4 e6 3.g3 Nf6 4.Bg2 Be7 5.O-O O-O 6.d4 Nbd7 7.Qc2 c6 8.Nbd2 b6
9.e4 Bb7 10.b3 Rc8 11.Bb2 c5 12.exd5 exd5 13.dxc5 Rxc5 14.Rfe1 Re8 15.Nd4 Bf8
16.Ba3 Rc8 17.Bxf8 Nxf8 18.Qf5 Rxe1+ 19.Rxe1 Rb8 20.cxd5 Bxd5 21.Bxd5 Qxd5
22.Qxd5 Nxd5 23.Re5 Nf6 24.Ne4 N6d7 25.Re7 Rc8 26.Nf5 Rc6 27.Ned6 g6 28.Nh6+ Kg7
29.Nhxf7 Kf6 30.Re3 Ne6 31.Rf3+ Ke7 32.Nc4 b5 33.Nfe5 Nxe5 34.Nxe5 Ra6 35.Rd3 Rxa2
36.Rd7+ Kf6 37.Ng4+ Kf5 38.Ne3+ Kf6 39.Rxh7 Nd4 40.Rb7 a6 41.b4 Nf3+ 42.Kg2 Ne1+
43.Kh3 Nd3 44.Ng4+ Ke6 45.Rg7 Nxb4 46.Rxg6+ Ke7 47.f4 Nd5 48.f5 Ra3 49.Re6+ Kf8
50.Rd6 Ne7 51.f6 Ng6 52.Nh6 Nf4+ 53.Kg4 Rd3 54.Rxa6  1-0

[Event "Bohemians"]
[Site "Prague"]
[Date "1988.??.??"]
[Round "?"]
[White "Neckar, Lubomir"]
[Black "Karolyi, Tibor Jr"]
[Result "1/2-1/2"]
[WhiteElo "2380"]
[BlackElo "2475"]

1.Nf3 d5 2.c4 e6 3.g3 dxc4 4.Qa4+ Nd7 5.Qxc4 a6 6.a4 b6 7.Bg2 Bb7 8.O-O c5
9.Nc3 Rc8 10.d3 Ngf6 11.Bf4 Nd5 12.Bg5 Be7 13.Bxe7 Qxe7 14.Nd2 Qd6 15.Qb3 O-O
16.Nc4 Qc7 17.Rac1 Rb8 18.Na3 Ne7 19.Bxb7 Qxb7 20.Qc4 Nc6 21.Qe4 Nf6 22.Qf3 Qd7
23.Nc2 Nd4 24.Nxd4 Qxd4 25.Qf4 Qxf4 26.gxf4 Rfd8 27.Rfd1 a5 28.e3 Rb7 29.Kf1 Rbd7
30.Ke2 Kf8  1/2-1/2

[Event "Bohemians"]
[Site "Prague"]
[Date "1988.??.??"]
[Round "?"]
[White "Neckar, Lubomir"]
[Black "Mozny, Milos"]
[Result "1-0"]
[WhiteElo "2380"]
[BlackElo "2430"]

1.Nf3 d5 2.c4 c6 3.g3 Bf5 4.cxd5 cxd5 5.Qb3 Qc8 6.Nc3 e6 7.Bg2 Nf6 8.d3 Be7
9.O-O Nc6 10.Bf4 O-O 11.Rac1 Qd7 12.Ne5 Nxe5 13.Bxe5 Ng4 14.Bf4 d4 15.Na4 e5
16.Bd2 Rab8 17.Nc5 Bxc5 18.Rxc5 Be6 19.Qc2 b6 20.Rc7 Rfc8 21.Rc1 Rxc7 22.Qxc7 Rc8
23.Qxc8+ Qxc8 24.Rxc8+ Bxc8 25.Bb4 Be6 26.Bd6 f6 27.a3 Bc8 28.Bd5+ Kh8 29.b4 a6
30.a4 Bd7 31.a5 bxa5 32.bxa5 Nh6 33.f4 exf4 34.gxf4 Nf5 35.Bc5 g6 36.Kf2 Kg7
37.Kf3 Ba4 38.Ke4 Bd1 39.Bc4 Ba4 40.Bd5 Bd1 41.Bb7 Ba4 42.Kd5 Bb5 43.Bxd4 Nxd4
44.Kxd4 h5 45.e4 g5 46.fxg5 fxg5 47.Ke3 Kf6 48.d4 Ke6 49.e5 Bf1 50.Bf3 g4
51.Be2  1-0

[Event "ROM-ch"]
[Site "Predeal"]
[Date "1988.??.??"]
[Round "13"]
[White "Negulescu, Adrian"]
[Black "Stanciu, Adrian"]
[Result "1/2-1/2"]
[WhiteElo "2430"]
[BlackElo "2310"]

1.Nf3 d5 2.c4 dxc4 3.e3 Be6 4.Na3 Nf6 5.Nxc4 g6 6.d4 Bg7 7.Be2 O-O 8.O-O c5
9.dxc5 Ne4 10.Nd4 Bd5 11.Qc2 Nxc5 12.Rd1 Be4 13.Qc3 Qc8 14.Qa3 Nbd7 15.b4 Ne6
16.Bb2 Nxd4 17.Bxd4 Bxd4 18.Rxd4 Nf6 19.Nd2 Qe6 20.Rd1 a6 21.Nxe4 Nxe4 22.Bc4 Qf5
23.Qb2 Nd6 24.Bb3 Qf6 25.Qe2 Rac8 26.Rf4 Qe5 27.h4 Kg7 28.Qf3 f5 29.g3 b5
30.Rfd4 Nc4 31.Rd7 Rc7 32.Rd8 Rxd8 33.Rxd8 e6 34.Qa8 Nxe3 35.fxe3 Qxg3+ 36.Kf1 Rc1+
37.Bd1 Qh3+ 38.Ke2 Qg4+ 39.Qf3 Qxb4 40.Qf4 Qxf4 41.exf4 Rc4 42.Ke3 a5 43.Rd7+ Kh6
44.Re7 Rc3+ 45.Kd4 Rc4+ 46.Ke3 Rc3+ 47.Kf2 Rc4 48.Kg3 Rc3+ 49.Kg2 Rc4 50.Rxe6 Rxf4
51.Kg3 Rd4  1/2-1/2

[Event "Reykjavik op"]
[Site "Reykjavik"]
[Date "1988.??.??"]
[Round "?"]
[White "Sigfusson, Sigurdur"]
[Black "Arnason, Asgeir T"]
[Result "1/2-1/2"]
[WhiteElo "2140"]
[BlackElo "2300"]

1.Nf3 d5 2.c4 e6 3.g3 Nf6 4.Bg2 Be7 5.O-O O-O 6.b3 c5 7.Bb2 Nc6 8.e3 b6 9.d4 cxd4
10.Nxd4 Nxd4 11.Qxd4 Bc5 12.Qf4 Bd6 13.Qd4 Bc5 14.Qf4 Bd6 15.Qd4  1/2-1/2

[Event "Reykjavik op"]
[Site "Reykjavik"]
[Date "1988.??.??"]
[Round "?"]
[White "Sigfusson, Sigurdur"]
[Black "Bjarnason, Saevar"]
[Result "1-0"]
[WhiteElo "2140"]
[BlackElo "2335"]

1.Nf3 d5 2.c4 d4 3.b4 g6 4.Bb2 Bg7 5.e3 e5 6.exd4 exd4 7.d3 a5 8.b5 Ne7 9.Be2 O-O
10.O-O a4 11.Na3 c6 12.bxc6 bxc6 13.Rb1 Be6 14.Nc2 Nf5 15.h3 c5 16.Ba3 Nd7
17.Nd2 Qc7 18.Ne4 Nh4 19.Ne1 Bf5 20.g3 Bxe4 21.dxe4 f5 22.gxh4 fxe4 23.Bg4 e3
24.f4 Rae8 25.Nd3 h5 26.Bf3 Bf6 27.Rb2 Bxh4 28.Qxa4 e2 29.Rxe2 Rxe2 30.Bxe2 g5
31.Bf3 Rf6 32.Qa8+ Kg7 33.Qb7 Qxb7 34.Bxb7 gxf4 35.Nxf4 Rb6 36.Bc8 Nf6 37.Bxc5 Rc6
38.Bb7  1-0

[Event "Saint John op-2"]
[Site "Saint John"]
[Date "1988.??.??"]
[Round "?"]
[White "Andonov, Bogomil"]
[Black "Rodriguez, Daniel Mauricio"]
[Result "1-0"]
[WhiteElo "2420"]
[BlackElo "2465"]

1.Nf3 d5 2.c4 c6 3.cxd5 cxd5 4.d4 Nc6 5.Nc3 Nf6 6.Bf4 e6 7.e3 Bd6 8.Bd3 O-O
9.O-O Re8 10.Rc1 Re7 11.Ne5 a6 12.Nxc6 bxc6 13.Na4 Bxf4 14.exf4 Rb7 15.a3 a5
16.Qe2 Qc7 17.g3 Rbb8 18.Rc2 Qa7 19.Nc5 a4 20.Re1 Kf8 21.Qe5 Bd7 22.f5 Kg8
23.fxe6 Bxe6 24.Nxe6 Re8 25.Rxc6 Qa5 26.Re2 fxe6 27.Rxe6 Kf7 28.Rxf6+ gxf6
29.Qh5+ Kf8 30.Qh6+ Kf7 31.Qxh7+ Kf8 32.Qh6+  1-0

[Event "Saint John op-2"]
[Site "Saint John"]
[Date "1988.??.??"]
[Round "?"]
[White "Gurevich, Dmitry"]
[Black "Watson, William N"]
[Result "0-1"]
[WhiteElo "2475"]
[BlackElo "2535"]

1.Nf3 d5 2.c4 d4 3.e3 Nc6 4.exd4 Nxd4 5.Nxd4 Qxd4 6.Nc3 e5 7.d3 Ne7 8.Be2 Nf5
9.O-O c6 10.g4 Nh4 11.Be3 Qd6 12.d4 h5 13.f3 Bd7 14.d5 Qg6 15.dxc6 bxc6 16.Kh1 hxg4
17.fxg4 Bb4 18.Qd3 Qxd3 19.Bxd3 Bxg4 20.Be4 Rc8 21.Rf2 f5 22.Rg1 Rc7 23.Na4 Bh5
24.Bxf5 Bf3+ 25.Rxf3 Nxf3 26.Bg6+ Ke7 27.Rg2 Nh4 28.Bg5+ Ke6 29.a3 Be7 30.Bxh4 Rxh4
31.Bc2 g5 32.Nc3 Rb7 33.Be4 Rc7 34.b4 a5 35.c5 axb4 36.axb4 Ra7 37.Rc2 Ra3
38.Bxc6 Rxb4 39.Bd5+ Kd7 40.c6+ Kc7 41.Ba2 Rb8 42.Nd5+ Kd6 43.c7 Rc8 44.Nb6 Rxc7
45.Nc4+ Rxc4 46.Bxc4 e4 47.Kg2 Ke5 48.Be2 Kf4 49.Bf1 Bb4 50.Rf2+ Ke3 51.Re2+ Kd4
52.Rc2 Be1 53.Re2 Ra1 54.Rc2 Ke3 55.Re2+ Kf4 56.Rc2 Rd1 57.Ra2 Bd2 58.Be2 Re1
59.Ba6 Be3 60.Bf1 Rc1 61.Re2 Ra1 62.Rc2 Ke5 63.Rb2 Bf4 64.Rc2 Bxh2 65.Rc5+ Kf4
66.Rc4 Ra2+ 67.Kh1 Kf3 68.Rc3+ Kf2 69.Bc4 Be5 70.Rc1 Ra1 71.Bf1 Kg3 72.Rxa1 Bxa1
73.Kg1 Bd4+ 74.Kh1 Kf2  0-1

[Event "Saint John op-2"]
[Site "Saint John"]
[Date "1988.??.??"]
[Round "?"]
[White "Tal, Mihail"]
[Black "Lputian, Smbat G"]
[Result "1/2-1/2"]
[WhiteElo "2630"]
[BlackElo "2555"]

1.Nf3 d5 2.c4 e6 3.g3 dxc4 4.Qa4+ Nd7 5.Bg2 c5 6.O-O Nf6 7.Qxc4 b6 8.Nd4 Ne5
9.Nc6 Nxc4 10.Nxd8 Nd5 11.Nc3 Kxd8 12.Nxd5 Bb7  1/2-1/2

[Event "Saint John op-2"]
[Site "Saint John"]
[Date "1988.??.??"]
[Round "?"]
[White "Andonov, Bogomil"]
[Black "Watson, William N"]
[Result "0-1"]
[WhiteElo "2420"]
[BlackElo "2535"]

1.Nf3 d5 2.c4 d4 3.g3 Nc6 4.Bg2 e5 5.d3 Bb4+ 6.Nbd2 a5 7.O-O Nf6 8.Ne1 O-O
9.e4 dxe3 10.fxe3 Bg4 11.Qc2 Bc5 12.Ne4 Nxe4 13.Bxe4 f5 14.Bd5+ Kh8 15.a3 f4
16.Ng2 Qg5 17.gxf4 exf4 18.d4 f3 19.dxc5 fxg2 20.Rxf8+ Rxf8 21.Qxg2 Bh3 22.e4 Qxg2+  0-1

[Event "Schoeneck op"]
[Site "Schoeneck"]
[Date "1988.??.??"]
[Round "3"]
[White "Votruba, Pavel"]
[Black "Garcia Palermo, Carlos"]
[Result "0-1"]
[WhiteElo "2340"]
[BlackElo "2455"]

1.Nf3 d5 2.c4 dxc4 3.Na3 c5 4.Nxc4 Nc6 5.b3 e5 6.Bb2 f6 7.d3 Nge7 8.e3 Nd5
9.a3 Be7 10.Be2 O-O 11.O-O Be6 12.Qc2 Rc8 13.Rac1 Rf7 14.Qb1 Bf8 15.Bd1 Rfc7
16.Bc2 g6 17.h3 Bg7 18.Rfe1 Bf7 19.Qa1 b5 20.Ncd2 Nb6 21.Rcd1 Qf8 22.Ne4 Na5
23.Nfd2 Nc6 24.Rf1 Nd5 25.Nc3 Nxc3 26.Bxc3 a5 27.Bb2 Qe7 28.Rde1 Bd5 29.f4 f5
30.fxe5 Bxe5 31.Nf3 Bxb2 32.Qxb2 Qg7 33.Qxg7+ Kxg7 34.Kf2 Rf8 35.Rc1 Bxf3
36.Kxf3 f4 37.Bb1 fxe3+ 38.Kxe3 Re8+ 39.Kd2 Nd4 40.Rce1 Rce7 41.Ba2 Re2+  0-1

[Event "SCO-ch"]
[Site "?"]
[Date "1988.??.??"]
[Round "?"]
[White "Thomson, Craig S M"]
[Black "Mannion, Stephen R"]
[Result "1/2-1/2"]
[WhiteElo "2340"]
[BlackElo "2280"]

1.Nf3 d5 2.c4 c6 3.d4 Nf6 4.Nc3 e6 5.Bg5 Be7 6.e3 O-O 7.Qc2 Nbd7 8.Rd1 Re8
9.Bd3 dxc4 10.Bxc4 Nd5 11.Bxe7 Qxe7 12.O-O b6 13.e4 Nxc3 14.bxc3 Bb7 15.Rfe1 h6
16.Bd3 c5 17.d5 exd5 18.exd5 Qd6 19.Rxe8+ Rxe8 20.Bb5 Re7 21.Qa4 Ne5 22.Nxe5 Rxe5
23.c4 Qe7 24.Kf1 Qh4 25.h3 Qf4 26.Kg1 Re2 27.Rf1 a5 28.Bc6 Ba6 29.Bb5 Bxb5
30.Qxb5 Rd2 31.g3 Qd4 32.Qe8+ Kh7 33.Qxf7 Qxc4 34.Qf5+ Kg8 35.Re1 Re2 36.Rxe2 Qxe2
37.d6 Qd1+ 38.Kh2 Qxd6 39.Qc8+ Kh7 40.Qf5+ Kg8 41.Qc8+ Kh7 42.Qf5+ Kg8 43.Qc8+ Kf7
44.Qb7+ Kg6 45.Qe4+ Kf7 46.Qb7+ Kf6 47.Qf3+ Kg6 48.Qe4+  1/2-1/2

[Event "Silkeborg"]
[Site "Silkeborg"]
[Date "1988.??.??"]
[Round "1"]
[White "Davies, Nigel R"]
[Black "Jelling, Erik"]
[Result "1-0"]
[WhiteElo "2450"]
[BlackElo "2350"]

1.Nf3 d5 2.c4 c6 3.d4 Nf6 4.Qb3 Qb6 5.Nc3 dxc4 6.Qxc4 Bf5 7.g3 Na6 8.Bg2 Nb4
9.O-O Be6 10.Qc5 Nd7 11.Qxb6 Nxb6 12.a3 Na6 13.b4 g6 14.b5 cxb5 15.Ne5 f6
16.Nd3 O-O-O 17.Nxb5 Bc4 18.Rb1 Bxb5 19.Rxb5 Rxd4 20.Be3 Rd7 21.Bxb6 axb6
22.Rxb6 e6 23.Rfb1 Nc5 24.Nxc5 Bxc5 25.Bxb7+ Kd8 26.Rxe6 Bxa3 27.Rxf6 Ke7
28.Ra6 Bc5 29.Bf3 Rhd8 30.Rb5 Rc7 31.h4 Rd6 32.Ra8 Rd8 33.Rxd8 Kxd8 34.Kg2 Ke7
35.Ra5 Kf6 36.h5 Kg7 37.Ra6 Bd4 38.e3 Bf6 39.h6+ Kf7 40.Bd5+  1-0

[Event "Rilton Cup"]
[Site "Stockholm"]
[Date "1988.??.??"]
[Round "?"]
[White "Sigfusson, Sigurdur"]
[Black "Wiedenkeller, Michael"]
[Result "0-1"]
[WhiteElo "2280"]
[BlackElo "2415"]

1.Nf3 d5 2.c4 c6 3.b3 Bg4 4.Bb2 e6 5.d3 Nd7 6.Nbd2 Ngf6 7.g3 Be7 8.Bg2 O-O
9.O-O a5 10.a3 Qb6 11.Qc2 Rfd8 12.h3 Bh5 13.Rfe1 Rac8 14.Bc3 Bd6 15.b4 axb4
16.axb4 Bxf3 17.exf3 d4 18.c5 Bxc5 19.Nc4 Qc7 20.bxc5 dxc3 21.d4 Nd5 22.Nd6 Ra8
23.f4 b6 24.Ne4 bxc5 25.dxc5 Ra5 26.Ng5 N7f6 27.Bxd5 cxd5 28.Qxc3 Rxc5 29.Qd4 h6
30.Nf3 Rc4 31.Qd1 Ne4 32.Ne5 Rc2 33.Ra7 Qc5 34.Nd3 Qxa7 35.Qxc2 Nxg3 36.Kg2 Nf5
37.Ne5 d4 38.Kh2 Ra8 39.Qe4 Rc8 40.Rd1 Qa8 41.Rxd4 Nxd4 42.Qxd4 Rc1 43.f3 Qd5
44.Qa7 Qd2+ 45.Kg3 Qe1+ 46.Qf2 Qxf2+ 47.Kxf2 f6 48.Ng4 Rc2+ 49.Kg3 Kf7 50.f5 exf5
51.Ne3 Rc5 52.Nxf5  0-1

[Event "DDR-ch (Women)"]
[Site "Stralsund"]
[Date "1988.??.??"]
[Round "6"]
[White "Hamm, Sylvia"]
[Black "Wagner Michel, Annett"]
[Result "1/2-1/2"]
[WhiteElo "2100"]
[BlackElo "2225"]

1.Nf3 d5 2.c4 d4 3.g3 g6 4.Bg2 Bg7 5.d3 e5 6.O-O Ne7 7.e4 dxe3 8.fxe3 Nbc6
9.Nc3 O-O 10.Ne1 Be6 11.Ne4 Bxc4 12.b4 Bd5 13.b5 Nb8 14.Ba3 Nd7 15.Rc1 Rc8
16.Bh3 f5 17.Nc3 Be6 18.Nf3 Bh6 19.Qe2 Re8 20.d4 Nd5 21.Nxd5 Bxd5 22.Rc3 exd4
23.Nxd4 Qf6 24.Nxf5 gxf5 25.Bb2 Re5 26.Ra3 Qe7 27.Bxf5 Rf8 28.Qg4+ Qg5 29.Bxd7 Qxg4
30.Rxf8+ Kxf8 31.Bxg4 Bxe3+ 32.Kf1 Bc4+ 33.Kg2 Rxb5 34.Bf6 Bd5+ 35.Kh3 Bc5
36.Ra4 Rb6 37.Rf4 Kg8 38.Rf5 Be6 39.Rg5+ Kf7 40.Bxe6+ Kxf6 41.Rxc5 Rxe6 42.Rxc7 Re7
43.Rxe7 Kxe7 44.Kg4 Kf6 45.Kf4 a6 46.Ke4 Ke6 47.Kd4 b6 48.g4 Kd6 49.h3 Ke6
50.h4 Kd6 51.g5 Ke6 52.Ke4 b5 53.h5 b4 54.Kd4 Kf5 55.g6 hxg6 56.hxg6 Kxg6
57.Kc4 a5 58.Kb5 Kf7 59.Kxa5 Ke7 60.Kxb4 Kd7 61.Kb5 Kc8 62.Kb6  1/2-1/2

[Event "DDR-ch (Women)"]
[Site "Stralsund"]
[Date "1988.??.??"]
[Round "8"]
[White "Hamm, Sylvia"]
[Black "Heinatz, Gundula"]
[Result "1/2-1/2"]
[WhiteElo "2100"]
[BlackElo "2180"]

1.Nf3 d5 2.c4 Nf6 3.g3 c5 4.Bg2 Nc6 5.O-O e6 6.b3 Be7 7.Bb2 O-O 8.d3 b6 9.Nfd2 Bb7
10.Nc3 Qd7 11.cxd5 Nxd5 12.Nxd5 exd5 13.a3 Rad8 14.Rc1 Rfe8 15.Re1 Bf8 16.e3 Ne5
17.Nf3 Nxf3+ 18.Bxf3 Qf5 19.Bg4 Qg5 20.h4 Qe7 21.Qc2 d4 22.e4 Rd6 23.Kh2 Rh6
24.Qe2 Qd6 25.Kg2 Be7 26.Rh1 Qg6 27.h5 Qc6 28.Rcg1 Qb5 29.Qc2 Bf8 30.a4 Qc6
31.Bc1 Rd6 32.Bf4 Rf6 33.Kh2 Bd6 34.Bg5 Bb8 35.Bxf6 Qxf6 36.Kg2 Qg5 37.Qe2 f5
38.Bf3 f4 39.g4 Bc8 40.Kf1 Be6 41.Qb2 h6 42.Bd1 Kh7 43.f3 Be5 44.Rg2 a5 45.Qf2 Bf6
46.Qe1 Qe5  1/2-1/2

[Event "URS Cup rapid"]
[Site "Tallinn"]
[Date "1988.??.??"]
[Round "2"]
[White "Kanstler, Boris"]
[Black "Karner, Hillar"]
[Result "0-1"]
[WhiteElo "2430"]
[BlackElo "2390"]

1.Nf3 d5 2.c4 d4 3.b4 a5 4.b5 g6 5.Bb2 Bg7 6.e3 c5 7.exd4 Nh6 8.Qb3 cxd4
9.Na3 O-O 10.d3 e5 11.Nc2 a4 12.Qb4 Re8 13.O-O-O Bf8 14.Qe1 a3 15.Ba1 Nd7
16.h3 Nc5 17.g4 b6 18.Bg2 Bb7 19.Rg1 Qc7 20.Ng5 Bxg2 21.Rxg2 e4 22.Nxe4 Nxe4
23.dxe4 Qxc4 24.Rxd4 Qxa2 25.g5 Rac8 26.Qc3 Nf5 27.Qd2 Qb3 28.Rd3 a2 29.exf5 Qb1+  0-1

[Event "URS Cup rapid"]
[Site "Tallinn"]
[Date "1988.??.??"]
[Round "4"]
[White "Ehlvest, Jaan"]
[Black "Petrosian, Arshak B"]
[Result "1-0"]
[WhiteElo "2585"]
[BlackElo "2480"]

1.Nf3 d5 2.c4 e6 3.g3 dxc4 4.Bg2 Nf6 5.Qa4+ Nbd7 6.Qxc4 c5 7.Qb3 Qb6 8.Qa4 a6
9.O-O Qa7 10.Qc2 b6 11.d3 Bb7 12.Nbd2 Rc8 13.a4 Be7 14.Nc4 Nd5 15.e4 Nb4
16.Qe2 O-O 17.Bf4 Rfd8 18.Rfd1 Nc6 19.h4 Nd4 20.Nxd4 cxd4 21.h5 a5 22.h6 g6
23.Nd6 Rc5 24.Nb5 Qa8 25.Bc7 Rc8 26.Bd6 Bxd6 27.Nxd6 Rf8 28.Qd2 Qb8 29.b4  1-0